[Event "Hilton Open 2012"]
[Site "Basel"]
[Date "2012.01.02"]
[Round "2"]
[White "Klamp, Christoph"]
[Black "Roesch, Mario"]
[Result "1/2-1/2"]
[WhiteElo "2106"]
[BlackElo "1975"]
[PlyCount "160"]
[EventDate "2012.??.??"]
[EventRounds "7"]
[EventCountry "SUI"]
[SourceDate "2012.01.01"]

1. e4 c6 2. d4 d5 3. e5 c5 4. dxc5 e6 5. Be3 Nh6 6. c3 Nf5 7. Bd4 Nxd4 8. cxd4
b6 9. Nf3 bxc5 10. Nc3 Nc6 11. Bb5 Bd7 12. O-O Rb8 13. Re1 Be7 14. Bxc6 Bxc6
15. Qd2 O-O 16. Rac1 Qb6 17. Rc2 Rfc8 18. Rec1 Rc7 19. Ne2 c4 20. Qf4 Qa6 21.
b3 Ba3 22. Rb1 Rcb7 23. h4 cxb3 24. axb3 Rxb3 25. Rxb3 Rxb3 26. Qg5 Rb8 27. Nf4
Qb6 28. Nh5 Bf8 29. Kh2 h6 30. Qc1 Be8 31. Rc8 Rxc8 32. Qxc8 Qc6 33. Qd8 Qd7
34. Qa5 Be7 35. g4 Qd8 36. Qxa7 Bxh4 37. Kg2 Be7 38. Kg3 Bb5 39. Nf4 g6 40. Qb7
Ba4 41. Qa6 Qd7 42. Ne1 Qc6 43. Qa7 Qd7 44. Qa6 Kg7 45. Ned3 Bb5 46. Qa5 Bd8
47. Qb4 Bxd3 48. Nxd3 Qe7 49. Qxe7 Bxe7 50. f4 Bd8 51. Kf3 Bb6 52. Ke3 Kf8 53.
f5 Bd8 54. f6 g5 55. Nc5 Ke8 56. Kd3 Bb6 57. Nb7 Bc7 58. Nc5 Kf8 59. Nd7+ Kg8
60. Nc5 Ba5 61. Nb7 Bb4 62. Nd8 Ba5 63. Nb7 Bb6 64. Nd6 Bc7 65. Ke3 Kf8 66. Nb5
Bb8 67. Kd3 Ke8 68. Nc3 Kd7 69. Ne2 Bc7 70. Ng3 Ba5 71. Nh5 Ke8 72. Ng7+ Kf8
73. Nh5 Kg8 74. Ng7 Kh7 75. Ke3 Kg6 76. Kd3 Bb4 77. Ke3 Bf8 78. Nh5 Ba3 79. Kd3
Bb4 80. Ng7 Bf8 1/2-1/2

[Event "Hilton Open 2012"]
[Site "Basel"]
[Date "2012.01.02"]
[Round "3"]
[White "Grachev, Boris"]
[Black "Hera, Imre Jr"]
[Result "1-0"]
[WhiteElo "2693"]
[BlackElo "2558"]
[Annotator "M.Cebalo"]
[PlyCount "71"]
[EventDate "2012.??.??"]
[EventRounds "7"]
[EventCountry "SUI"]
[SourceDate "2012.01.01"]

{It is well known that chess fashion is dictated by top players who, under the
influence of computer, during last 20 years started to focus their attention
on classical symetric openings (1.e4-e5, 1.d4-d5). As a result chess funs are
many times disapointed by a great number of boaring games. However, we must be
honest and give a credit to the players who managed to create some very
interesting games, full of firework, like the one we analyzed for you and
where you can find a lot of instructive moments. The opening belongs to the
large family of Slav defence.} 1. c4 c6 2. Nf3 d5 3. e3 Nf6 4. d4 Bf5 ({Other
main line, called Meran variation, goes} 4... e6 5. Nc3 Nbd7) 5. Nc3 e6 6. Nh4
Be4 {With this move Black provokes White to harass his bishop thus weakening
his pawn structure, and it is exactly this detail which might have offered
Black a decent counterplay.} 7. f3 Bg6 8. Qb3 Qc7 ({It could be interesting to
see last two examples in this line:} 8... Qb6 9. Nxg6 hxg6 10. Bd2 Bd6 11. h3
Nbd7 12. O-O-O Qxb3 13. axb3 a6 14. Kc2 Nh5 $146 15. Bd3 Ng3 16. Rhe1 O-O-O 17.
e4 dxe4 18. fxe4 c5 19. d5 Rde8 20. Na2 exd5 21. exd5 Nf5 22. b4 Nd4+ 23. Kb1
Nb3 24. Bc3 cxb4 25. Nxb4 Be5 26. Na2 Bxc3 27. Nxc3 Ndc5 28. Rxe8+ Rxe8 29. Bc2
Re3 30. Ka2 Na5 31. Rd4 Rg3 32. Ne4 Rxg2 $2 33. Rd2 $1 Rxd2 34. Nxd2 {and
Black has no defence against b2-b4.} b5 35. b4 Nab7 36. bxc5 Nxc5 37. Ne4 Nb7
38. c5 f5 39. c6 fxe4 40. cxb7+ Kxb7 41. Bxe4 Kc7 42. Kb3 a5 43. Kc3 a4 44. Bc2
g5 45. Kd4 Kd6 46. Bd1 {1-0 Carlsen, M (2823)-Vallejo Pons,F (2716)/Sao Paulo/
Bilbao .}) 9. Bd2 Be7 (9... Nbd7 10. cxd5 exd5 11. O-O-O {would be an other
interesting line.}) 10. Nxg6 ({It would be interesting to know whether
Malakhov was aware of Black's counterplay, if he takes on g6 before Black has
castled as Grachev did in our game?} 10. g3 O-O (10... Bh5 $5) 11. Nxg6 hxg6
12. Rc1 dxc4 13. Bxc4 Nbd7 14. O-O Rac8 15. Ne4 Nxe4 16. fxe4 Bg5 17. Kg2 Nb6
18. Ba5 e5 19. h4 Bf6 20. d5 cxd5 21. Bxd5 Qd7 22. Rxc8 Rxc8 23. Bxb6 axb6 24.
Qxb6 Rc2+ 25. Rf2 Qa4 26. Qb3 Qxb3 27. Bxb3 Rxf2+ 28. Kxf2 Kf8 29. Bd5 b6 30.
b4 Bd8 31. Ke2 Ke7 32. Kd3 f5 33. Bc6 Kd6 34. Be8 g5 35. h5 f4 36. g4 Ke7 37.
Ba4 Kd6 38. Kc4 Be7 39. Kb5 Kc7 {1-0 Malakhov, V (2710)-Nyback,T (2627)/
Rogaska Slatina SLO 2011.}) 10... hxg6 11. g3 Nbd7 12. Rc1 Nb6 13. cxd5 (13. c5
Nbd7 14. Bd3 {may be an other plan, but doesn't look so logical as the text
move.}) 13... exd5 14. a4 {Diagram # (?! for objective value, !? for bravery)}
(14. Bd3 {was certainly less risky, but less ambitious as well.}) 14... a5 {
Black decides to stop the march of the aP, but as a consequence his Nb6 looses
its stability.} ({A more active alternative would have been} 14... Bd6 $5 15.
f4 ({Looks like the only move, since} 15. Nb5 Bxg3+ 16. Kd1 Qd7 $17 {is
clearly in Black's favor.}) 15... Be7 {after provoking f3/f4, Black must take
care of the threat Nc3-b5)} 16. a5 Nc4 17. Bxc4 dxc4 18. Qa4 (18. Qxc4 Qxa5)
18... Rd8 19. Ra1 g5 $132 {with an unclear position and chances for both
players.}) 15. e4 $1 {Played according to an old principle which says that you
have to play on that side where you have a pawn majority, and in our case it's
a central zone.} dxe4 $6 ({Avoiding again an active replay:} 15... Nh5 16. Bg2
(16. exd5 Nxg3 17. hxg3 (17. Rg1 $2 Nxf1) 17... Rxh1 ({much stronger than} 
17... Qxg3+ 18. Ke2 Rxh1 19. Qxb6 {where things are not clear at all.})) 16...
Nc4 17. exd5 Nxg3 18. hxg3 Qxg3+ 19. Kd1 Rxh1+ 20. Bxh1 Nxd2 21. Qxb7 (21. Kxd2
Bg5+) 21... Rb8 22. Qxc6+ Kf8 {and Black's chances are to be prefered.}) 16.
fxe4 Qd8 17. e5 Nfd5 {For the third time Black chooses a move which looks
logical, but it's not the best. In fact this is again a passive reaction which
gives White from now on an easy play.} (17... Qxd4 18. exf6 Bxf6) (17... Ng4
18. Be2 Qxd4 19. Bxg4 Rd8 20. Bf4 Rxh2 21. Rxh2 Qg1+ 22. Ke2 Qxh2+ 23. Kf3 Rd3+
24. Ke4 Rxg3 25. Bxg3 Qxg3 26. Qxb6 {In spite of being a whole rook to the
good, White must go for a drawish continuation because after} (26. Bf3 Nd7 {he
would be exposed to a dangerous attack.})) 18. Bg2 Nb4 $6 {A kind of
pseudoactive move which not only helps White to improve his Nc3, but opens
a2-g7 diagonal as well,where there is the most vulnerable point in Black's
position, namely Pf7.} ({Both other options} 18... O-O) (18... Qd7 {would have
been better.}) 19. Ne2 O-O 20. O-O Qd7 ({It is well known that only the great
players know when it is necessary to admit the mistake, and it was exactly in
this moment. To close immediately the white diagonal} 20... N4d5 {was he only
way to stay in the game.}) 21. Nf4 {A strong move which threatens Pg6 comes as
a consequence of Black's mistake on move 18.} N6d5 $2 ({An other mistake which
accelerates the end.} 21... Kh7 {wouldn't save the game either, but would have
been more resistant.}) 22. Bh3 {Now everything goes smoothly.} Qd8 {Diagram #}
23. e6 Nxf4 24. exf7+ Kh8 $2 ({More resistant was} 24... Rxf7 25. Bxf4 ({
stronger than} 25. Rxf4 Qd5 26. Be6 Qxb3 27. Bxb3 Nd5 28. Bxd5 cxd5 29. Rc7 Bf6
{where White is only slightly better}) 25... Qxd4+ 26. Be3 Qd5 27. Qxd5 Nxd5
28. Be6 Bf6 29. Bd2 Kf8 30. Bxf7 Kxf7 31. Rce1 {and White has good winning
chances.}) 25. Rxf4 {Now the game is practically over.} Bg5 26. Rf2 Bf6 $6 ({
An other inaccurate move which speeds up the end.} 26... Bh6 {looks more
logical, since the danger is coming along the h line.}) 27. Be6 Bxd4 28. Be3
Bxe3 29. Qxe3 Nd5 30. Qd3 Qg5 31. Rc4 Nf6 32. Rh4+ Nh5 33. Qe2 Rad8 {Diagram #}
34. Rf5 $1 {A nice final blow.} Qc1+ 35. Kg2 Rd2 36. Rfxh5+ 1-0

[Event "Hilton Open 2012"]
[Site "Basel"]
[Date "2012.01.02"]
[Round "3"]
[White "Cherniaev, Alexander"]
[Black "Bartel, Mateusz"]
[Result "1/2-1/2"]
[WhiteElo "2469"]
[BlackElo "2658"]
[PlyCount "78"]
[EventDate "2012.??.??"]
[EventRounds "7"]
[EventCountry "SUI"]
[SourceDate "2012.01.01"]

1. e4 e5 2. Nf3 Nc6 3. Bc4 Nf6 4. d3 Bc5 5. O-O d6 6. Be3 Bb6 7. Bb3 h6 8. c3
Ne7 9. a4 c6 10. Nbd2 Bc7 11. d4 O-O 12. dxe5 dxe5 13. Nc4 Qxd1 14. Rfxd1 Be6
15. Nfd2 b6 16. f3 Rfd8 17. Kf2 Rd7 18. Ke2 Rad8 19. Ba2 c5 20. Na3 Bxa2 21.
Rxa2 Nh5 22. g3 f5 23. exf5 Nxf5 24. Bf2 Nf6 25. Raa1 Nd6 26. Ndc4 Nxc4 27.
Rxd7 Rxd7 28. Nxc4 e4 29. f4 Kf7 30. a5 Nd5 31. axb6 axb6 32. Ne3 Nf6 33. Nc4
g5 34. fxg5 hxg5 35. Ra6 Nd5 36. Be3 g4 37. Bg1 Ke8 38. Ne3 Nf6 39. Nc4 Nd5
1/2-1/2

[Event "Hilton Open 2012"]
[Site "Basel"]
[Date "2012.01.02"]
[Round "3"]
[White "Turov, Maxim"]
[Black "Prohaszka, Peter"]
[Result "1/2-1/2"]
[WhiteElo "2645"]
[BlackElo "2547"]
[PlyCount "35"]
[EventDate "2012.??.??"]
[EventRounds "7"]
[EventCountry "SUI"]
[SourceDate "2012.01.01"]

1. e4 e5 2. Nf3 Nc6 3. Bb5 Nf6 4. d3 Bc5 5. c3 O-O 6. O-O d6 7. Bg5 h6 8. Bh4
g5 9. Bg3 Nh5 10. d4 exd4 11. cxd4 Bb6 12. Nc3 f5 13. exf5 Bxf5 14. d5 Nxg3 15.
hxg3 Ne5 16. Nxe5 dxe5 17. g4 Bg6 18. Bd3 1/2-1/2

[Event "Hilton Open 2012"]
[Site "Basel"]
[Date "2012.01.02"]
[Round "3"]
[White "Enchev, Ivajlo"]
[Black "Fier, Alexandr"]
[Result "0-1"]
[WhiteElo "2430"]
[BlackElo "2603"]
[PlyCount "94"]
[EventDate "2012.??.??"]
[EventRounds "7"]
[EventCountry "SUI"]
[SourceDate "2012.01.01"]

1. d4 Nf6 2. c4 g6 3. Nc3 Bg7 4. e4 O-O 5. f3 d6 6. Be3 Nc6 7. Qd2 a6 8. Nge2
Rb8 9. Rc1 Re8 10. Nd1 e6 11. Nf2 d5 12. e5 Nd7 13. c5 b6 14. cxb6 Rxb6 15. f4
Ne7 16. g4 f6 17. Bg2 a5 18. O-O Ba6 19. Rc2 fxe5 20. fxe5 c5 21. dxc5 Rc6 22.
Rfc1 Bxe2 23. Qxe2 Nxe5 24. Bf4 Nf7 25. Nd3 e5 26. Bg3 g5 27. b4 e4 28. b5 exd3
29. Qxd3 Re6 30. c6 Ne5 31. Bxe5 Qb6+ 32. Kh1 Rxe5 33. Re2 Kh8 34. Rxe5 Bxe5
35. Re1 Ng6 36. Qxd5 Re7 37. Rd1 Kg7 38. a4 Qf2 39. Qf3 Qc2 40. Rf1 Qb2 41. Rf2
Qd4 42. Rf1 Bc7 43. Qf2 Qxf2 44. Rxf2 Re1+ 45. Rf1 Rxf1+ 46. Bxf1 Nf4 47. h3
Kf6 0-1

[Event "Hilton Open 2012"]
[Site "Basel"]
[Date "2012.01.02"]
[Round "3"]
[White "Pelletier, Yannick"]
[Black "Kozhuharov, Spas"]
[Result "1/2-1/2"]
[WhiteElo "2589"]
[BlackElo "2432"]
[PlyCount "65"]
[EventDate "2012.??.??"]
[EventRounds "7"]
[EventCountry "SUI"]
[SourceDate "2012.01.01"]

1. Nf3 d5 2. d4 Nf6 3. c4 dxc4 4. e3 e6 5. Bxc4 c5 6. O-O Nc6 7. Qe2 cxd4 8.
Rd1 Be7 9. exd4 O-O 10. Nc3 Na5 11. Bd3 b6 12. Bg5 Bb7 13. Rac1 Rc8 14. Ba6
Bxa6 15. Qxa6 Nc4 16. b3 Nd6 17. a4 Nd5 18. Bxe7 Nxe7 19. h3 Rc7 20. Nb5 Nxb5
21. axb5 f6 22. Rc4 Qd6 23. Rdc1 Rd7 24. Qa2 Qd5 25. Rc7 Qxb5 26. Qxa7 Rfd8 27.
Rxd7 Rxd7 28. Qb8+ Kf7 29. Ra1 Nc6 30. Qh8 Nxd4 31. Nxd4 Rxd4 32. Qxh7 Qd7 33.
Qc2 1/2-1/2

[Event "Hilton Open 2012"]
[Site "Basel"]
[Date "2012.01.02"]
[Round "3"]
[White "Ghaem Maghami, Ehsan"]
[Black "Schmidt Schaeffer, Sebastian"]
[Result "1/2-1/2"]
[WhiteElo "2570"]
[BlackElo "2376"]
[PlyCount "81"]
[EventDate "2012.??.??"]
[EventRounds "7"]
[EventCountry "SUI"]
[SourceDate "2012.01.01"]

1. Nf3 f5 2. g3 Nf6 3. Bg2 e6 4. O-O Be7 5. c4 O-O 6. b3 a5 7. Nc3 d5 8. Bb2 c6
9. e3 Bd7 10. Qe2 Na6 11. Rac1 Nc5 12. Ne5 Be8 13. d4 Nce4 14. Na4 b5 15. cxb5
cxb5 16. Nc5 Qb6 17. g4 b4 18. gxf5 Bb5 19. Ncd3 exf5 20. f3 Nd6 21. Qd2 f4 22.
Bh3 Nf7 23. Rfe1 Ng5 24. Nxf4 Nxh3+ 25. Nxh3 Nd7 26. Nf4 Bh4 27. Red1 Bg5 28.
Nxd5 Qd6 29. Nf4 Rad8 30. Nc4 Qh6 31. Rf1 Rxf4 32. exf4 Bxf4 33. Qg2 Nf6 34.
Rce1 Rd5 35. Re5 Bxe5 36. dxe5 Bxc4 37. bxc4 Rd2 38. Rf2 Rd1+ 39. Rf1 Rd2 40.
Rf2 Rd1+ 41. Rf1 1/2-1/2

[Event "Hilton Open 2012"]
[Site "Basel"]
[Date "2012.01.02"]
[Round "3"]
[White "Dann, Matthias"]
[Black "Vorobiov, Evgeny E"]
[Result "1/2-1/2"]
[WhiteElo "2381"]
[BlackElo "2589"]
[PlyCount "53"]
[EventDate "2012.??.??"]
[EventRounds "7"]
[EventCountry "SUI"]
[SourceDate "2012.01.01"]

1. e4 c5 2. Nf3 Nc6 3. d4 cxd4 4. Nxd4 g6 5. Nc3 Bg7 6. Be3 Nf6 7. Bc4 d6 8. f3
Qb6 9. Nf5 Qxb2 10. Nxg7+ Kf8 11. Nd5 Nxd5 12. Bxd5 Kxg7 13. Rb1 Qc3+ 14. Kf2
f6 15. Qc1 h5 16. Rd1 Qa5 17. c4 Qxa2+ 18. Kg1 Qa5 19. c5 dxc5 20. Bxc6 bxc6
21. e5 Rd8 22. Rxd8 Qxd8 23. Qxc5 Qd7 24. Bf4 Kf7 25. Re1 Qd5 26. Qc1 Be6 27.
Bg3 1/2-1/2

[Event "Hilton Open 2012"]
[Site "Basel"]
[Date "2012.01.02"]
[Round "3"]
[White "Kolbus, Dietmar"]
[Black "Nikolov, Momchil"]
[Result "0-1"]
[WhiteElo "2325"]
[BlackElo "2560"]
[PlyCount "122"]
[EventDate "2012.??.??"]
[EventRounds "7"]
[EventCountry "SUI"]
[SourceDate "2012.01.01"]

1. Nf3 Nf6 2. c4 c5 3. Nc3 d5 4. cxd5 Nxd5 5. d4 Nxc3 6. bxc3 g6 7. e4 Bg7 8.
Bb5+ Nd7 9. O-O O-O 10. e5 cxd4 11. cxd4 Nb6 12. Qe2 Bg4 13. Bb2 Qd5 14. a4
Bxf3 15. Qxf3 Qxf3 16. gxf3 e6 17. a5 Nd5 18. a6 bxa6 19. Bxa6 Rfb8 20. Ba3 Nb4
21. Bxb4 Rxb4 22. Rfb1 Rxd4 23. Bb7 Rb8 24. Rxa7 Bxe5 25. Kg2 Rd7 26. Ra5 Bxh2
27. Be4 Rxb1 28. Bxb1 Bf4 29. Ra4 g5 30. Ra2 h5 31. Be4 Kg7 32. Bc6 Rc7 33. Rc2
Be5 34. Ba4 Rb7 35. Bc6 Rb4 36. Re2 Bc7 37. Be4 Bb6 38. Kh2 Bd4 39. Kg2 Ra4 40.
Bc6 Ra6 41. Rc2 h4 42. Bb5 Rb6 43. Bd3 f5 44. Bc4 Kf6 45. Ba2 Be5 46. Kh3 Ra6
47. Kg2 g4 48. fxg4 fxg4 49. Rd2 h3+ 50. Kf1 Bc3 51. Re2 Bd4 52. Bb1 e5 53. Be4
Kg5 54. Bd5 Rf6 55. Ke1 Bc3+ 56. Kf1 g3 57. Bb7 Bd4 58. Bc8 h2 59. Bb7 gxf2 60.
Rd2 Rb6 61. Be4 Rb1+ 0-1

[Event "Hilton Open 2012"]
[Site "Basel"]
[Date "2012.01.02"]
[Round "3"]
[White "Lutz, Bernhard"]
[Black "Skembris, Spyridon"]
[Result "0-1"]
[WhiteElo "2321"]
[BlackElo "2463"]
[PlyCount "128"]
[EventDate "2012.??.??"]
[EventRounds "7"]
[EventCountry "SUI"]
[SourceDate "2012.01.01"]

1. d4 Nf6 2. c4 e6 3. Nf3 a6 4. Nc3 c5 5. d5 b5 6. Bg5 b4 7. Ne4 Be7 8. d6 Nxe4
9. Bxe7 Qb6 10. Qd3 Bb7 11. Nd2 Nxd2 12. Qxd2 f6 13. Qf4 Nc6 14. Qg4 Nxe7 15.
dxe7 g6 16. Rd1 Kxe7 17. e4 Qc7 18. Bd3 h5 19. Qe2 g5 20. O-O Qe5 21. Bc2 Bc6
22. Qe3 Rag8 23. a3 a5 24. Rd2 g4 25. Kh1 h4 26. f4 gxf3 27. gxf3 f5 28. Rfd1
f4 29. Qe1 h3 30. Re2 Qxb2 31. Ba4 Qxa3 32. Qf2 Qxa4 33. Qxc5+ Ke8 34. Qd6 Rh4
35. Red2 Rg7 36. Qb8+ Ke7 37. Qd6+ Kf7 38. Qc7 Rg8 39. Rd6 Re8 40. Rxd7+ Bxd7
41. Rxd7+ Qxd7 42. Qxd7+ Re7 43. Qb5 Rh8 44. Qe5 Rd7 45. Qxf4+ Ke8 46. Kg1 Rg8+
47. Kf2 Rg2+ 48. Ke3 Rgd2 49. Qe5 R7d3+ 50. Kf4 Kf7 51. Qxa5 b3 52. Ke5 b2 53.
Qa7+ Rd7 54. Qb6 Re7 55. Kf4 Rxh2 56. Kg3 Rh1 57. Qxb2 Rg1+ 58. Kf4 e5+ 59. Kf5
Rg6 60. Qh2 Re8 61. c5 Rf6+ 62. Kg5 Rg8+ 63. Kh5 Rh8+ 64. Kg5 Rg6+ 0-1

[Event "Hilton Open 2012"]
[Site "Basel"]
[Date "2012.01.02"]
[Round "3"]
[White "Heimann, Andreas"]
[Black "Ghader Pour, Shayesteh"]
[Result "1-0"]
[WhiteElo "2459"]
[BlackElo "2242"]
[PlyCount "93"]
[EventDate "2012.??.??"]
[EventRounds "7"]
[EventCountry "SUI"]
[SourceDate "2012.01.01"]

1. e4 c5 2. Nf3 e6 3. d4 cxd4 4. Nxd4 a6 5. c4 Nf6 6. Nc3 Qc7 7. a3 d6 8. Be2
Be7 9. Be3 Nbd7 10. O-O b6 11. Rc1 Bb7 12. f3 O-O 13. Qd2 Rac8 14. b4 Rfe8 15.
Rfd1 Qb8 16. Nb3 Bd8 17. Bf4 Ne5 18. Bxe5 dxe5 19. c5 Kh8 20. Na4 b5 21. Nb6
Bxb6 22. cxb6 h6 23. Rxc8 Rxc8 24. Qd6 Kg8 25. Nc5 Qxd6 26. Rxd6 Rb8 27. a4 Kf8
28. a5 Ke7 29. Rd2 Bc8 30. Kf2 Ne8 31. f4 f6 32. fxe5 fxe5 33. Bd1 Nd6 34. Bb3
Ra8 35. Rxd6 Kxd6 36. b7 Bxb7 37. Nxb7+ Kc7 38. Nc5 Kb8 39. Bxe6 Ka7 40. Bd5
Rd8 41. Ke3 Rd6 42. Nd3 Rg6 43. g3 Rg5 44. Kf3 Rg6 45. Nxe5 Rf6+ 46. Ke2 h5 47.
h4 1-0

[Event "Hilton Open 2012"]
[Site "Basel"]
[Date "2012.01.02"]
[Round "3"]
[White "Hess, Christian Mathias"]
[Black "Cebalo, Miso"]
[Result "1/2-1/2"]
[WhiteElo "2256"]
[BlackElo "2444"]
[PlyCount "110"]
[EventDate "2012.??.??"]
[EventRounds "7"]
[EventCountry "SUI"]
[SourceDate "2012.01.01"]

1. Nf3 c5 2. c4 Nc6 3. Nc3 g6 4. g3 Bg7 5. Bg2 e5 6. a3 a5 7. O-O Nge7 8. d3 d6
9. Bg5 f6 10. Be3 Be6 11. Ne1 Rc8 12. Nd5 O-O 13. Nc2 Bf7 14. Nxe7+ Nxe7 15. b4
b6 16. bxa5 bxa5 17. Rb1 d5 18. Rb5 dxc4 19. Bxc5 Re8 20. Ne3 cxd3 21. exd3 Nc6
22. Rb2 Bf8 23. Bxf8 Rxf8 24. Qa4 Qd6 25. Rb6 Be8 26. Qc4+ Kg7 27. Rc1 Qd4 28.
Rb7+ Rf7 29. Rxf7+ Bxf7 30. Qxd4 exd4 31. Rxc6 Rxc6 32. Bxc6 dxe3 33. fxe3 Kf8
34. Kf2 Ke7 35. d4 Kd6 36. Bf3 g5 37. e4 h6 38. Ke3 Bc4 39. Be2 Ba2 40. Bd3 Bb3
41. Ke2 Be6 42. Ke3 Bb3 43. Kd2 Be6 44. Kc3 Bf7 45. Bc2 Bg8 46. Bb3 Bh7 47. Kd3
Bg6 48. Ke3 Be8 49. Bg8 Bh5 50. Kd3 Bg6 51. g4 h5 52. gxh5 Bxh5 53. Bh7 Bf7 54.
Bf5 Ba2 55. Ke3 Bb3 1/2-1/2

[Event "Hilton Open 2012"]
[Site "Basel"]
[Date "2012.01.02"]
[Round "3"]
[White "Vorotnikov, Vladislav V"]
[Black "Archangelsky, Mikhail"]
[Result "1-0"]
[WhiteElo "2440"]
[BlackElo "2197"]
[PlyCount "73"]
[EventDate "2012.??.??"]
[EventRounds "7"]
[EventCountry "SUI"]
[SourceDate "2012.01.01"]

1. d4 d5 2. c4 c6 3. Nf3 Nf6 4. e3 Bf5 5. Qb3 Qb6 6. Qxb6 axb6 7. cxd5 Bxb1 8.
Rxb1 cxd5 9. Bb5+ Nfd7 10. Bd2 e6 11. Rc1 Rxa2 12. Ne5 Rxb2 13. Bxd7+ Nxd7 14.
Rc8+ Ke7 15. Rc7 f6 16. Bc1 Rb1 17. Rxd7+ Ke8 18. Ke2 fxe5 19. Rxb7 e4 20. f3
exf3+ 21. gxf3 Rg8 22. Rf1 h5 23. e4 g6 24. exd5 exd5 25. Kd3 Kd8 26. Ra7 Kc8
27. Kc2 Rb4 28. Bf4 Rxd4 29. Be5 Rc4+ 30. Kd3 b5 31. Rb1 b4 32. Rba1 b3 33. Rf7
Kd8 34. Bf6+ Ke8 35. Rb7 Rc8 36. Re1+ Be7 37. Rexe7+ 1-0

[Event "Hilton Open 2012"]
[Site "Basel"]
[Date "2012.01.02"]
[Round "3"]
[White "Lekic, Dusan"]
[Black "Kelecevic, Nedeljko"]
[Result "1/2-1/2"]
[WhiteElo "2402"]
[BlackElo "2245"]
[PlyCount "51"]
[EventDate "2012.??.??"]
[EventRounds "7"]
[EventCountry "SUI"]
[SourceDate "2012.01.01"]

1. d4 Nf6 2. c4 e6 3. Nc3 Bb4 4. e3 O-O 5. Bd3 d5 6. Nf3 c5 7. O-O cxd4 8. exd4
dxc4 9. Bxc4 Nbd7 10. Bg5 Bxc3 11. bxc3 Qc7 12. Qe2 b6 13. Rac1 Bb7 14. Bd3 Ng4
15. Be4 Bxe4 16. Qxe4 Ngf6 17. Qe2 Qc6 18. c4 a6 19. Rfe1 Rac8 20. Qb2 Rfe8 21.
Qa3 Ne4 22. Bh4 Qb7 23. Qd3 Nef6 24. a4 Qc6 25. Qa3 Qb7 26. Qb3 1/2-1/2

[Event "Hilton Open 2012"]
[Site "Basel"]
[Date "2012.01.02"]
[Round "3"]
[White "Curien, Nicolas"]
[Black "Milliet, Sophie"]
[Result "1-0"]
[WhiteElo "2177"]
[BlackElo "2404"]
[PlyCount "109"]
[EventDate "2012.??.??"]
[EventRounds "7"]
[EventCountry "SUI"]
[SourceDate "2012.01.01"]

1. d4 Nf6 2. Bg5 d5 3. Bxf6 exf6 4. c4 dxc4 5. e3 Bd6 6. Bxc4 Nd7 7. Nf3 f5 8.
Nbd2 O-O 9. O-O c6 10. a4 a5 11. Ba2 Nf6 12. Nc4 Bc7 13. Nce5 Nd5 14. Rc1 Be6
15. Bb3 Nb4 16. Nd3 Nxd3 17. Qxd3 Re8 18. Qc2 g6 19. Bc4 Bd5 20. Bxd5 Qxd5 21.
Qc4 Rad8 22. Qxd5 Rxd5 23. Rc3 Bd6 24. g3 Bb4 25. Rc4 Red8 26. Rfc1 f6 27. Kf1
Kf7 28. h4 h5 29. Ne1 Bd2 30. R1c2 Bxe1 31. Kxe1 g5 32. Rc5 f4 33. Ke2 fxg3 34.
fxg3 Ke6 35. Kd3 gxh4 36. gxh4 R8d7 37. Rxd5 Rxd5 38. e4 Rd7 39. Rc5 Rg7 40.
Rxh5 Rg2 41. b3 Rg3+ 42. Kc4 Rg4 43. e5 fxe5 44. Rxe5+ Kd6 45. h5 b6 46. Rf5
Ke6 47. Rf8 c5 48. Kb5 Rxd4 49. Kxb6 c4 50. bxc4 Rxc4 51. h6 Rh4 52. Rh8 Rh5
53. h7 Kf6 54. Rf8+ Kg7 55. h8=Q+ 1-0

[Event "Hilton Open 2012"]
[Site "Basel"]
[Date "2012.01.02"]
[Round "3"]
[White "Braeunlin, Klaus"]
[Black "Filipovic, Branko"]
[Result "0-1"]
[WhiteElo "2155"]
[BlackElo "2374"]
[PlyCount "92"]
[EventDate "2012.??.??"]
[EventRounds "7"]
[EventCountry "SUI"]
[SourceDate "2012.01.01"]

1. e4 d5 2. exd5 Nf6 3. d4 Bg4 4. Nf3 Qxd5 5. Nc3 Qf5 6. Be2 Nc6 7. h3 Bxf3 8.
Bxf3 O-O-O 9. Be3 e5 10. g4 Qg6 11. Bxc6 bxc6 12. Qe2 exd4 13. Qa6+ Kb8 14.
O-O-O Bc5 15. Na4 Ne4 16. Bf4 Qf6 17. Bg3 Nxg3 18. fxg3 Bb6 19. Rhf1 Qg5+ 20.
Rf4 Rhe8 21. Qc4 d3 22. cxd3 Be3+ 23. Kb1 Bxf4 24. Nc5 Ka8 25. gxf4 Qd5 26. Qc2
Rb8 27. Rc1 Rb6 28. f5 Re3 29. Qc3 f6 30. Ne6 Qxd3+ 31. Qxd3 Rxd3 32. Nxg7 Rxh3
33. Ne8 h5 34. Nxf6 hxg4 35. Nxg4 Rf3 36. Ne5 Rf2 37. b3 Ra6 38. a4 Rb6 39. Rc3
Kb7 40. Nc4 Rb4 41. Na5+ Kb6 42. Nc4+ Kc5 43. Na5+ Kd5 44. Rd3+ Rd4 45. Rxd4+
Kxd4 46. Nxc6+ Kc3 0-1

[Event "Hilton Open 2012"]
[Site "Basel"]
[Date "2012.01.02"]
[Round "3"]
[White "Wirthensohn, Heinz"]
[Black "Heinis, Vincent"]
[Result "1-0"]
[WhiteElo "2352"]
[BlackElo "2146"]
[PlyCount "43"]
[EventDate "2012.??.??"]
[EventRounds "7"]
[EventCountry "SUI"]
[SourceDate "2012.01.01"]

1. Nf3 Nf6 2. c4 g6 3. Nc3 Bg7 4. e4 d6 5. d4 O-O 6. Be2 e5 7. O-O Nc6 8. d5
Ne7 9. Kh1 Ne8 10. a4 a5 11. Ne1 f5 12. f3 Nf6 13. Nd3 b6 14. Bd2 Kh8 15. g4
Qd7 16. Rg1 Bb7 17. Qe1 fxg4 18. fxg4 c6 19. g5 cxd5 20. gxf6 dxe4 21. fxe7
exd3+ 22. Nd5 1-0